Normal view MARC view

Entry Personal Name

Number of records used in: 1

001 - CONTROL NUMBER

  • control field: 1238095

003 - CONTROL NUMBER IDENTIFIER

  • control field: OSt

005 - DATE AND TIME OF LATEST TRANSACTION

  • control field: 20260430150638.0

008 - FIXED-LENGTH DATA ELEMENTS

  • fixed length control field: 260430|| aca||aabn | a|a d

040 ## - CATALOGING SOURCE

  • Original cataloging agency: OSt
  • Transcribing agency: OSt

100 ## - HEADING--PERSONAL NAME

  • Personal name: Bhavtosh Bhaskar Au.; Saxena Rekha Gu

670 ## - SOURCE DATA FOUND

  • Source citation: Work cat.: (OSt)1850287: Bhavtosh Bhaskar Au.; Saxena Rekha Gu., Representation of Women in Indian Politics: A Comparative Study of Upa And NDA In Lok Sabha from 2009 To 2019, 2024
Copyright @ Delhi University Library System